000 nam a22 7a 4500
999 _c9851
_d9851
008 180208b ||||| |||| 00| 0 eng d
100 _aJain, G
_95933
245 _aFamous People famous Speech
260 _aNew Delhi
_bMaanu Publication
_c2012